Guácimo: Producción agropecuaria, rama de actividad, empleo, ingresos, migración estacional, inmigración/

Guardado en:
Bibliografiske detaljer
Autores Corporativos: Instituto de Fomento y Asesoría Municipal [Costa Rica], Acción Internacional Técnica, División de Acción Internacional
Format: Texto
Udgivet: San José: IFAM. AITEC
Tags: Tilføj Tag
Ingen Tags, Vær først til at tagge denne postø!

MARC

LEADER 00000 a a2200000 04500
001 17002
003
040
090 |a 008500  
110 |a Instituto de Fomento y Asesoría Municipal [Costa Rica]  
245 |a Guácimo: Producción agropecuaria, rama de actividad, empleo, ingresos, migración estacional, inmigración/   |c Instituto de Fomento y Asesoría Municipal [Costa Rica]  
260 |a San José:   |b IFAM. AITEC  
300 |a 13 p.  
710 |a Acción Internacional Técnica, División de Acción Internacional  
999 |c 16003  |d 16003